| 000 | 00000nas 2200000za 4500 |
| 001 | 9.840640 |
| 003 | CaOODSP |
| 005 | 20250403105948 |
| 007 | cr ||||||||||| |
| 008 | 170728d19892000oncar p o f0###b0fre|d |
| 040 | |aCaOODSP|bfre |
| 043 | |an-cn--- |
| 086 | 1 |aCS10-0011F-PDF |
| 245 | 00|aConseil consultatif fédéral-provincial de la politique statistique |h[ressource électronique]. |
| 260 | |a[Ottawa : |bStatistique Canada, |c1989]-2000. |
| 310 | |aAnnuel |
| 362 | 0 |a1989-2000. |
| 500 | |aÉdition numérisée de l’imprimé [par Statistique Canada]. |
| 692 | 07|2gccst|aCongrès |
| 692 | 07|2gccst|aStatistique |
| 710 | 2 |aStatistique Canada. |
| 775 | 08|tFederal-Provincial Consultative Council on Statistical Policy |w(CaOODSP)9.840632 |
| 780 | 00|tFederal-Provincial Consultative Council on Statistical Policy |w(CaOODSP)9.840636 |
| 785 | 00|tProcès-verbal |w(CaOODSP)9.840642 |
| 986 | |a10F0011 |